Fundamentos de salud pública: (Registro nro. 37459)

Detalles MARC
000 -CABECERA
Longitud fija campo de control 00809nam a2200217 4500
003 - • IDENTIFICADOR DELl NÚMERO DE CONTROL
Identificador del número de control CO-ViMGA
020 ## - • NÚMERO INTERNACIONAL NORMALIZADO PARA LIBROS
Número Internacional Normalizado para Libros (ISBN) 9789588843414
040 ## - FUENTE DE LA CATALOGACIÓN
Centro catalogador de origen CO-ViMGA
Lengua de catalogación spa
Centro transcriptor CO-ViMGA
082 04 - • NÚMERO DE LA CLASIFICACIÓN DECIMAL DEWEY
Número de clasificación (R) 614
Número del ítem B515
100 1# - • PUNTO DE ACCESO PRINCIPAL-NOMBRE DE PERSONA
Nombre de persona Blanco Restrepo, Jorge Humberto.
245 10 - • TITULO PROPIAMENTE DICHO
Título Fundamentos de salud pública:
Resto del título tomo III, epidemiología básica y principios de investigación /
Mención de responsabilidad, etc. Jorge Humberto Blanco Restrepo.
250 ## - • MENCIÓN DE EDICIÓN
Mención de edición 3a. ed.
300 ## - • DESCRIPCIÓN FÍSICA
Extensión XX, 367 p. :
Otras características físicas il. ; 23 cm.
500 ## - • NOTA GENERAL
Nota general Incluye bibliografías e indice.
650 14 - • PUNTO DE ACCESO ADICIONAL DE MATERIA - TÉRMINO DE MATERIA
Término de materia o nombre geográfico como elemento inicial Administración de servicios de salud
650 14 - • PUNTO DE ACCESO ADICIONAL DE MATERIA - TÉRMINO DE MATERIA
Término de materia o nombre geográfico como elemento inicial Salud pública - Manuales.
700 1# - • PUNTO DE ACCESO ADICIONAL - NOMBRE DE PERSONA
Nombre de persona Maya Mejía, José María.
700 1# - • PUNTO DE ACCESO ADICIONAL - NOMBRE DE PERSONA
Nombre de persona Torres de Galvis, Yolanda.
942 ## - ENTRADA DE ELEMENTOS AGREGADOS (KOHA)
Fuente de clasificaión o esquema Dewey Decimal Classification
Koha [por defecto] tipo de item LIbro
Existencias
Perdido Fuente de clasificación o esquema Estado Físico No para préstamo Forma de adquisición Localización permanente Localización actual Fecha adquisición Préstamos totales Signatura completa Código de barras Fecha última consulta Número de copia Fecha del precio de reemplazo Tipo de item de Koha
  Dewey Decimal Classification     Sala Especializada Tercer Piso Biblioteca Pública Germán Arciniegas - Villavicencio Biblioteca Pública Germán Arciniegas - Villavicencio 09/15/2016   614 B515 30758 08/18/2017 Ej. 1 09/15/2016 LIbro









Instituto Departamental de Cultura del Meta - Red Departamental de Bibliotecas Públicas del Meta.